Equilibrium statistical mechanics

Uloženo v:
Podrobná bibliografie
Hlavní autor: Andrews, Frank C (Autor)
Médium: Kniha
Jazyk:angličtina
Vydáno: Nueva York John Wiley 1975
Vydání:2a. ed
Témata:
Tagy: Přidat tag
Žádné tagy, Buďte první, kdo vytvoří štítek k tomuto záznamu!

MARC

LEADER 00000nam a2200000 a 4500
001 UCU3816
003 CL-VaPUC
008 960510e19750000US |||||||||||||||||eng|d
082 0 4 |a 530.13  |b AND  |2 21 
100 0 |a Andrews, Frank C  |e author  |9 360966 
245 1 0 |a Equilibrium statistical mechanics 
250 |a 2a. ed 
300 |a 255 p 
942 |c BK 
945 |d 19960510 00:00:00  |a lriquelm 
260 |a Nueva York  |b John Wiley  |c 1975 
650 0 |a Mecánica   |9 260096 
650 0 |a Estática  |9 260452 
650 0 |a Teoría cuántica  |9 266148 
650 7 |a EQUILIBRIOS QUIMICOS  |2 CL-VaPUC  |9 336637 
650 0 |a Moléculas   |9 259584 
650 0 |a Estados de la Materia  |9 347141 
650 0 |a Gases  |9 260945 
650 0 |a Líquidos  |9 260946 
583 |a last modification  |c 19960510 00:00:00  |k Rodrigo Vera 
999 |c 247695  |d 247693 
952 |0 0  |1 0  |4 0  |6 530_130000000000000_AND_1975  |7 0  |8 A  |9 263787  |a BIBING  |b BIBING  |d 2019-11-19  |i 1653539  |o 530.13 AND 1975  |p 1653539  |r 2025-01-20  |w 2019-11-19  |y BK  |k EIQ